| 000 | 00825nam a2200217Ii 4500 | ||
|---|---|---|---|
| 003 | JO-AjNU | ||
| 008 | 230605s9999||||xx |||||||||||||| ||und|| | ||
| 017 | _a2001/1/226 | ||
| 040 |
_aJO-AjNU _bara _erda _cJO-AjNU |
||
| 041 | _aara | ||
| 050 | 1 | 4 | _aTT87.Z8348 2001 |
| 100 | 3 |
_aتاليف الزغول، جهاد غالب مصطفى, _eauthor _957461 |
|
| 245 | 0 | 0 | _aالحرف والصناعات في الاندلس منذ الفتح الاسلامي حتى سقوط غرناطه |
| 250 | _aط1 | ||
| 264 | 3 | 1 | _aعمان:مركز الافق،2001 |
| 300 |
_a338ص _bببليوجرافيا:309-338 |
||
| 336 |
_atext _btxt _2rdacontent |
||
| 337 |
_aunmediated _bn _2rdamedia |
||
| 338 |
_avolume _bnc _2rdacarrier |
||
| 650 | 4 |
_aالحرف اليدويه-البلاد العربيه-اللاندلس-صناعات _957462 |
|
| 999 |
_aA25753 _c29321 _d29321 |
||